Statistics for My 100 Favourite Films by Main Character and Actor

Click here to take the quiz!

General Stats

  • This quiz has been taken 22 times
  • The average score is 34 of 100

Answer Stats

HintAnswer% Correct
51Travis Bickle - Robert De NiroTaxi Driver
100%
17Vito Corleone - Marlon BrandoThe Godfather
94%
65Django (1966) - Franco NeroDjango
89%
99Django Freeman - Jamie FoxxDjango Unchained
89%
4Charles Foster Kane - Orson WellesCitizen Kane
83%
21Henry Hill - Ray LiottaGoodfellas
83%
94Will Hunting - Matt DamonGood Will Hunting
83%
90Indiana Jones (1981) - Harrison FordRaiders of the Lost Ark
83%
79Ethan Hunt (1996) - Tom CruiseMission: Impossible
78%
29Jake LaMotta - Robert De NiroRaging Bull
78%
88Indiana Jones (1989) - Harrison FordIndiana Jones and the Last Crusade
72%
41Norman Bates - Anthony PerkinsPsycho
72%
67Rodrigues - Andrew GarfieldSilence
72%
25Rick Blaine - Humphrey BogartCasablanca
67%
86Kim Ki-taek - Sang Kang-hoParasite
67%
55Clarice M. Sterling - Jodie FosterThe Silence of the Lambs
67%
98Jordan Belfort - Leonardo DiCaprioThe Wolf of Wall Street
67%
53Christine 'Lady Bird' McPherson - Saoirse RonanLady Bird
61%
9Michael Corleone - Al PacinoThe Godfather Part II
61%
63Vincent Vega - John TravoltaPulp Fiction
56%
75William 'Billy' Costigan Jr. - Leonardo DiCaprioThe Departed
56%
39Richard Kimble - Harrison FordThe Fugitive
56%
8Frank Sheeran - Robert De NiroThe Irishman / I Heard You Paint Houses
56%
12Daniel Plainview - Daniel Day-LewisThere Will Be Blood
56%
83Royal Tenenbaum - Gene HackmanThe Royal Tenenbaums
56%
73Captain Benjamin Willard - Martin SheenApocalypse Now
50%
95Sam 'Ace' Rothstein - Robert De NiroCasino
50%
72Lt. Vincent Hanna - Al PacinoHeat
50%
92Police Chief Martin Brody (1975) - Roy ScheiderJaws
50%
5Bob Harris - Bill MurrayLost in Translation
50%
71Rick Dalton - Leonardo DiCaprioOnce Upon a Time ... in Hollywood
50%
78Mr. White - Harvey KeitelReservoir Dogs
50%
48Juror 8 - Henry Fonda12 Angry Men
44%
81Amélie Poulain - Audrey TautouAmélie
44%
13Dirk Diggler - Mark WahlbergBoogie Nights
44%
59J.J 'Jake' Gittes (1974) - Jack NicholsonChinatown
44%
44Marge Gunderson - Frances McDormandFargo
44%
66First Lieutenant Aldo 'The Apache' Raine - Brad PittInglourious Basterds
44%
38L.B. 'Jeff' Jeffries - James StewartRear Window
39%
62President Merkin Muffley et.al - Peter SellersDr. Strangelove
33%
56Joel Barish - Jim CarreyEternal Sunshine of the Spotless Mind
33%
91Charlie Barber - Adam DriverMarriage Story
33%
30Jim Garrison - Kevin CostnerJFK
28%
60Ernest Burkhart - Leonardo DiCaprioKillers of the Flower Moon
28%
97Jacob - Steven YeunMinari
28%
22C.C Baxter - Jack LemmonThe Apartment
28%
46Rupert Pupkin - Robert De NiroThe King of Comedy
28%
32Robert Graysmith - Jake GyllenhaalZodiac
28%
58Jesse Wallace (1995) - Ethan HawkeBefore Sunrise
22%
47Craig Schwartz - John CusackBeing John Malkovich
22%
54Jay Bulworth - Warren BeattyBulworth
22%
34Dr. William Harford - Tom CruiseEyes Wide Shut
22%
18Llewyn Moss - Josh BrolinNo Country For Old Men
22%
1David 'Noodles' Aaronson - Robert De NiroOnce Upon a Time in America
22%
69Max Fischer - Jason SchwartzmanRushmore
22%
26Freddie Quell - Joaquin PhoenixThe Master
22%
70Dewey Cox - John C. ReillyWalk Hard: The Dewey Cox Story
22%
10Jeffrey Beaumont - Kyle MacLachlanBlue Velvet
17%
15Alexander Ekdahl - Bertil GruveFanny and Alexander
17%
57Pastor Ernst Toller - Ethan HawkeFirst Reformed
17%
76Detective Park Doo-man - Sang Kang-hoMemories of Murder
17%
85Salvador Mallo - Antonio BanderasPain and Glory
17%
3David Byrne - David Byrne*Stop Making Sense
17%
100Jeffrey Wigand - Russell CroweThe Insider
17%
45Ethan Edwards - John WayneThe Searchers
17%
31Holly Martins - Joseph CottenThe Third Man
17%
36Det. John 'Scottie' Ferguson - James StewartVertigo
17%
20Charlotte Andergast - Ingrid BergmanAutumn Sonata
11%
64Séverine Serizy - Catherine DeneuveBelle de Jour
11%
93Sam Lowry - Jonathan PryceBrazil
11%
19Florence 'Cléo' Victoire - Corinne MarchandCleo from 5 to 7
11%
6Zuzanna 'Zula' Lichon - Joanna KuligCold War
11%
42Anna - Agata TrzebuchowskaIda
11%
33Dixon Steele - Humphrey BogartIn a Lonely Place
11%
16Wendell 'Bud' White - Russell CroweL.A Confidential
11%
68Marnie Edgar - Tippi HedrenMarnie
11%
50Tom Reagan - Gabriel ByrneMiller's Crossing
11%
49Wyatt Earp - Henry FondaMy Darling Clementine
11%
23Jill - Claudia CardinaleOnce Upon a Time in the West
11%
84Arthur - Steve MartinPennies from Heaven
11%
11Elisabet Vogler - Liv UllmannPersona
11%
37John Chance - John WayneRio Bravo
11%
80Joe Gillis - William HoldenSunset Boulevard
11%
2Caden Cotard - Philipp Seymour HoffmanSynecdoche, New York
11%
7Mr. Badil - Homayoun ErshadiTaste of Cherry
11%
35Antoine Doinel - Jean-Pierre LéaudThe 400 Blows
11%
14Marcello Clerici - Jean-Louis TrintignantThe Conformist
11%
82Karl Oskar - Max von SydowThe Emigrants
11%
28Philip Marlow - Elliott GouldThe Long Goodbye
11%
27Ransom Stoddard - James StewartThe Man Who Shot Liberty Valance
11%
74Dr. Michael Hfuhruhurr - Steve MartinThe Man with Two Brains
11%
77Erika Kohut - Isabelle HuppertThe Piano Teache
11%
96Key Graham - Meryl StreepThe Post
11%
52Victoria Page - Moira ShearerThe Red Shoes
11%
87Richard Chance - William PetersenTo Live and Die in L.A
11%
40Ramon Miguel Vargas - Charlton HestonTouch of Evil
11%
24Ahmad Ahmadpour - Babek Ahmed PoorWhere is the Friend's House?
11%
89Laura - Laura DernCertain Women
6%
43Danny Meyerowitz - Adam SandlerThe Meyerowitz Stories (New and Selected)
6%
61Dirk McQuickley et.al - Eric IdleThe Rutles: All You Need is Cash
6%

Score Distribution

Percentile by Number Answered

Percent of People with Each Score

Your Score History

You have not taken this quiz